[Event "I Festival A"]
[Site "Roseto degli Abruzzi ITA"]
[Date "2010.06.08"]
[Round "5"]
[White "Sbraccia, Giovanni"]
[Black "Seyfried, Claus"]
[WhiteElo "2091"]
[BlackElo "2087"]
[Result "0-1"]
[PlyCount "74"]
[EventDate "2010.06.04"]

1. d4 g6 2. e4 c5 3. Bc4 cxd4 4. Qxd4 Nf6 5. Nc3 Nc6 6. Qe3 Bg7 7. Nf3 O-O 8.
h3 d6 9. O-O a6 10. Qe2 b5 11. Bb3 Na5 12. Rd1 b4 13. Na4 Qc7 14. Be3 Rb8 15.
Bg5 Qb7 16. Bd5 Qb5 17. Qe3 Qxa4 18. Bh6 Nxd5 19. Rxd5 Nc4 20. Qg5 Qd7 21. Qh4
e6 22. Bxg7 Kxg7 23. Rh5 Rh8 24. Rh6 f6 25. Rd1 Rb5 26. g4 g5 27. Qh5 Qf7 28.
Nd4 Qxh5 29. Rxh5 Rc5 30. b3 Ne5 31. f4 Ng6 32. fxg5 fxg5 33. Nf3 h6 34. e5 d5
35. Nd4 Nf4 36. Rf1 Nxh5 37. gxh5 Rf8 0-1

[Event "I Festival A"]
[Site "Roseto degli Abruzzi ITA"]
[Date "2010.06.08"]
[Round "5"]
[White "Vuelban, Virgilio"]
[Black "Samolins, Vitalijs"]
[WhiteElo "2369"]
[BlackElo "2426"]
[Result "1-0"]
[PlyCount "99"]
[EventDate "2010.06.04"]

1. d4 f5 2. Nc3 Nf6 3. Bg5 d5 4. f3 Nc6 5. Qd2 h6 6. Bf4 g5 7. Be5 e6 8. Bg3
Bb4 9. e3 Bd7 10. Bd3 Ba5 11. a3 Qe7 12. Nge2 e5 13. Bb5 exd4 14. exd4 f4 15.
Bf2 a6 16. Bd3 O-O-O 17. O-O-O Kb8 18. Rhe1 Qd6 19. Kb1 Bb6 20. Na4 Ba5 21.
Nec3 Bxc3 22. Qxc3 Bc8 23. Nc5 Rde8 24. Qb3 Ka7 25. Qa4 Nb8 26. b4 Bd7 27. Qb3
b6 28. Na4 Rxe1 29. Rxe1 Re8 30. Rxe8 Bxe8 31. Nc3 b5 32. a4 c6 33. Ne2 Nbd7
34. a5 Qe6 35. Qc3 Kb7 36. Nc1 Nf8 37. Nb3 N6d7 38. Nc5+ Nxc5 39. dxc5 Nd7 40.
Qg7 Qe5 41. Qxh6 Qc3 42. Qxg5 Ne5 43. Bf5 Bd7 44. Qe7 Qxb4+ 45. Kc1 Qa3+ 46.
Kd2 Qxa5+ 47. Ke2 Qc3 48. Bd3 b4 49. Qd8 Bc8 50. Bxa6+ 1-0

[Event "I Festival A"]
[Site "Roseto degli Abruzzi ITA"]
[Date "2010.06.09"]
[Round "6"]
[White "Barlocco, Carlo"]
[Black "Luigini, Ottavio"]
[WhiteElo "2156"]
[BlackElo "2067"]
[Result "1-0"]
[PlyCount "121"]
[EventDate "2010.06.04"]

1. c4 e5 2. Nc3 Nf6 3. Nf3 Nc6 4. g3 Nd4 5. Bg2 Nxf3+ 6. Bxf3 Bb4 7. O-O Bxc3
8. bxc3 O-O 9. d3 d6 10. Bg2 Re8 11. Rb1 c6 12. f4 e4 13. Qc2 exd3 14. exd3 g6
15. f5 Bxf5 16. Bg5 h6 17. Bxf6 Qxf6 18. g4 Bxd3 19. Qxd3 Qe7 20. Qd2 Kg7 21.
Rbe1 Qd7 22. Qd4+ Kg8 23. Rd1 Re6 24. g5 hxg5 25. Rf6 Qe7 26. Rxe6 Qxe6 27. Rf1
a6 28. Qb6 Qe7 29. Rb1 Re8 30. Qxb7 Qe3+ 31. Kh1 Qxc3 32. Rf1 Qxc4 33. Qxc6
Qxc6 34. Bxc6 Re5 35. Rd1 Ra5 36. Bd5 Kf8 37. Bb3 Ke7 38. Kg2 f5 39. Rd3 Rc5
40. Rh3 g4 41. Rh7+ Kf6 42. Rf7+ Ke5 43. Re7+ Kf4 44. Re6 Rc6 45. Rxg6 Rb6 46.
Rf6 Kg5 47. Rf8 Rc6 48. h3 gxh3+ 49. Kxh3 Rc3+ 50. Kg2 Kf4 51. Kf2 Rc5 52. Rd8
Rc6 53. Ke2 Rb6 54. Kd3 Ke5 55. Re8+ Kf6 56. Kd4 a5 57. Re6+ Kg5 58. Kd5 f4 59.
Rxd6 Rb5+ 60. Ke4 a4 61. Bxa4 1-0

[Event "I Festival A"]
[Site "Roseto degli Abruzzi ITA"]
[Date "2010.06.09"]
[Round "6"]
[White "Dinter, Brian"]
[Black "Neubauer, Kai"]
[WhiteElo "2116"]
[BlackElo "2028"]
[Result "1-0"]
[PlyCount "67"]
[EventDate "2010.06.04"]

1. d4 d5 2. Bf4 Nf6 3. e3 e6 4. Nf3 Bd6 5. Ne5 c6 6. Nd2 Qc7 7. Bg3 h5 8. f4 b6
9. Bd3 Ba6 10. Qe2 Bxd3 11. Qxd3 Nbd7 12. Bh4 c5 13. c4 Qb7 14. O-O Ng4 15.
cxd5 exd5 16. Nxd7 Qxd7 17. h3 Nh6 18. e4 cxd4 19. Kh1 Bc5 20. a3 b5 21. Nb3
Bb6 22. Nxd4 O-O 23. Nxb5 d4 24. Rad1 Rab8 25. b4 Bd8 26. Bxd8 Rfxd8 27. Nxd4
Rb6 28. e5 g6 29. Qf3 Qe7 30. Nc6 Rxc6 31. Qxc6 Rxd1 32. Rxd1 Nf5 33. Qd7 Qh4
34. Qd8+ 1-0

[Event "I Festival A"]
[Site "Roseto degli Abruzzi ITA"]
[Date "2010.06.09"]
[Round "6"]
[White "Marholev, Dimitar"]
[Black "Rombaldoni, Axel"]
[WhiteElo "2433"]
[BlackElo "2436"]
[Result "1/2-1/2"]
[PlyCount "76"]
[EventDate "2010.06.04"]

1. d4 Nf6 2. g3 g6 3. Bg2 Bg7 4. e4 d6 5. Nc3 O-O 6. Nge2 Nbd7 7. h3 Rb8 8. O-O
c5 9. a4 b6 10. Re1 e5 11. dxe5 dxe5 12. g4 h6 13. Ng3 Nh7 14. Nd5 Qh4 15. g5
Re8 16. gxh6 Bxh6 17. Qg4 Qxg4 18. hxg4 Bxc1 19. Raxc1 Ndf6 20. Nxf6+ Nxf6 21.
f3 Bd7 22. b3 Red8 23. Bf1 Be6 24. Red1 Nh7 25. Bb5 Ng5 26. Kg2 Kg7 27. Bc6 Rh8
28. Bd5 Kf6 29. c4 Rbd8 30. Rh1 Rxh1 31. Rxh1 a5 32. Ne2 Bc8 33. Kf2 Kg7 34.
Ke3 Rd6 35. Rh2 Rf6 36. Rf2 Nh3 37. Rh2 Ng5 38. Rf2 Nh3 1/2-1/2

[Event "I Festival A"]
[Site "Roseto degli Abruzzi ITA"]
[Date "2010.06.09"]
[Round "6"]
[White "Napoli, Nicolo'"]
[Black "Vuelban, Virgilio"]
[WhiteElo "2334"]
[BlackElo "2369"]
[Result "1/2-1/2"]
[PlyCount "105"]
[EventDate "2010.06.04"]

1. e4 e5 2. Nf3 Nc6 3. Bc4 Nf6 4. d4 exd4 5. e5 d5 6. Bb5 Ne4 7. Nxd4 Bd7 8.
Bxc6 bxc6 9. O-O Bc5 10. c3 O-O 11. f3 Ng5 12. Nd2 Ne6 13. N2b3 Bb6 14. Kh1 c5
15. Nf5 c4 16. Nbd4 Nxd4 17. Nxd4 c5 18. Ne2 Bf5 19. Ng3 Bd3 20. Re1 f6 21. e6
Qd6 22. Nh5 Rae8 23. Nf4 Bc7 24. g3 Qc6 25. Nxd3 cxd3 26. Qxd3 Rxe6 27. Rxe6
Qxe6 28. Be3 Bb6 29. Bf2 Rd8 30. Re1 Qd7 31. Kg2 Qf7 32. a4 c4 33. Qd2 Bxf2 34.
Qxf2 Qd7 35. a5 Rb8 36. Re2 Rb5 37. Qe1 Kf7 38. Qb1 g6 39. Qc1 Rxa5 40. Qh6 Kg8
41. Qf4 Kg7 42. h4 Rb5 43. g4 Rb6 44. Qe3 Kf7 45. Qh6 Kg8 46. Qf4 Kf7 47. Rd2
Qb7 48. Kh3 Rxb2 49. Rxb2 Qxb2 50. Qc7+ Ke6 51. Qc6+ Ke7 52. Qc5+ Ke6 53. Qc6+
1/2-1/2

[Event "I Festival A"]
[Site "Roseto degli Abruzzi ITA"]
[Date "2010.06.09"]
[Round "6"]
[White "Naumkin, Igor"]
[Black "Epishin, Vladimir V."]
[WhiteElo "2480"]
[BlackElo "2611"]
[Result "1/2-1/2"]
[PlyCount "62"]
[EventDate "2010.06.04"]

1. d4 d5 2. c4 e6 3. Nf3 Nd7 4. Nc3 Ngf6 5. Bg5 h6 6. Bh4 dxc4 7. e3 Nb6 8.
Bxc4 Nxc4 9. Qa4+ Bd7 10. Qxc4 Be7 11. O-O O-O 12. Rfd1 a5 13. Rac1 c6 14. e4
Re8 15. e5 Nd5 16. Bxe7 Rxe7 17. Ne4 Be8 18. Re1 Rd7 19. Nc5 Rc7 20. Rcd1 b6
21. Ne4 Rb8 22. Qc1 Qe7 23. Nfd2 c5 24. dxc5 Bb5 25. Nb1 bxc5 26. Nbc3 Bc6 27.
Nxd5 Bxd5 28. Nc3 Rd7 29. b3 Rbd8 30. Na4 Rc7 31. Nb6 Rb7 1/2-1/2

[Event "I Festival A"]
[Site "Roseto degli Abruzzi ITA"]
[Date "2010.06.09"]
[Round "6"]
[White "Pap, Misa"]
[Black "Romanishin, Oleg M."]
[WhiteElo "2504"]
[BlackElo "2519"]
[Result "0-1"]
[PlyCount "68"]
[EventDate "2010.06.04"]

1. e4 e5 2. Nf3 Nc6 3. Bc4 Nf6 4. d4 exd4 5. e5 Ne4 6. O-O Be7 7. Re1 d5 8.
exd6 Nxd6 9. Bd5 O-O 10. Bxc6 bxc6 11. Nxd4 Qd7 12. Nc3 Bf6 13. Be3 Nc4 14. Ne4
Be5 15. c3 Qd5 16. Qb3 Bd7 17. Nd2 Nxe3 18. Rxe3 Bf4 19. Re2 Qh5 20. Nf1 c5 21.
Re4 Bd6 22. Nf3 Rab8 23. Qa3 Bc6 24. Rh4 Qg6 25. c4 Qf6 26. Qd3 g6 27. N1d2
Rfd8 28. Qe3 Rxb2 29. Re1 Re8 30. Ne4 Qxh4 31. Qc3 Rxe4 32. Nxh4 Rc2 33. Qa1
Rxe1+ 34. Qxe1 Bf4 0-1

[Event "I Festival A"]
[Site "Roseto degli Abruzzi ITA"]
[Date "2010.06.09"]
[Round "6"]
[White "Porat, Maya"]
[Black "Salvador, Roland"]
[WhiteElo "2182"]
[BlackElo "2485"]
[Result "0-1"]
[PlyCount "82"]
[EventDate "2010.06.04"]

1. d4 Nf6 2. c4 e6 3. Nf3 b6 4. g3 Ba6 5. b3 b5 6. cxb5 Bxb5 7. Bg2 Bb4+ 8. Bd2
a5 9. O-O d5 10. Bg5 Nbd7 11. a3 Be7 12. Nc3 Ba6 13. Re1 O-O 14. Ne5 Nxe5 15.
dxe5 Nd7 16. Bxe7 Qxe7 17. e4 d4 18. Qxd4 Nc5 19. Qe3 Rab8 20. b4 Nd3 21. Reb1
Nxe5 22. b5 Bb7 23. Na4 Rfd8 24. Qc3 Qf6 25. f4 Nd3 26. Qxf6 gxf6 27. Rd1 e5
28. Ra2 Rd4 29. Nb2 Nc5 30. Rc1 Nxe4 31. Rxc7 Bd5 32. Ra1 Rxb5 33. Nd1 Rb3 34.
fxe5 fxe5 35. Re7 Be6 36. Ra7 Rxa3 37. Rxa3 Rxd1+ 38. Bf1 Bh3 39. Rf3 Ng5 40.
Rf2 e4 41. Rg2 e3 0-1

[Event "I Festival A"]
[Site "Roseto degli Abruzzi ITA"]
[Date "2010.06.09"]
[Round "6"]
[White "Prelati, Maurizio"]
[Black "Bellincampi, Stefano"]
[WhiteElo "2120"]
[BlackElo "2046"]
[Result "0-1"]
[PlyCount "68"]
[EventDate "2010.06.04"]

1. e4 e5 2. Nf3 Nc6 3. d4 exd4 4. Bc4 Nf6 5. e5 Ng4 6. Qe2 Qe7 7. Bf4 d6 8.
exd6 cxd6 9. O-O Qxe2 10. Bxe2 Nge5 11. Re1 Be7 12. Na3 Bf5 13. Rad1 d3 14.
cxd3 O-O 15. d4 Ng6 16. Bg3 d5 17. Nb5 Rfd8 18. Ne5 Ngxe5 19. dxe5 Be4 20. Rf1
d4 21. Nd6 Bc2 22. Ra1 Nxe5 23. Nxb7 Re8 24. a3 Bf8 25. Bb5 Re6 26. Rfe1 Nd3
27. Rxe6 fxe6 28. Bxd3 Bxd3 29. Be5 Ba6 30. b4 Bxb7 31. Bxd4 a5 32. b5 a4 33.
f3 Rd8 34. Be5 Rd5 0-1

[Event "I Festival A"]
[Site "Roseto degli Abruzzi ITA"]
[Date "2010.06.09"]
[Round "6"]
[White "Rotstein, Arkadij"]
[Black "Bove, Alessandro"]
[WhiteElo "2538"]
[BlackElo "2346"]
[Result "0-1"]
[PlyCount "118"]
[EventDate "2010.06.04"]

1. d4 Nf6 2. Nf3 g6 3. g3 Bg7 4. Bg2 O-O 5. O-O d6 6. a4 Na6 7. Nc3 d5 8. Ne5
Bf5 9. Bf4 c6 10. Re1 Nh5 11. Be3 Nb4 12. Rc1 Bxe5 13. dxe5 d4 14. Qxd4 Nxc2
15. Qh4 Nxe1 16. Rxe1 Ng7 17. g4 Bc2 18. Rc1 Bb3 19. Ne4 f6 20. exf6 exf6 21.
Nc5 Bd5 22. Nxb7 Qb8 23. Nc5 Qxb2 24. Nd3 Qxe2 25. Nf4 Qa2 26. Nxd5 cxd5 27.
Rd1 Rad8 28. Bf3 d4 29. Bh6 Qxa4 30. Qg3 Qa5 31. Rb1 Rf7 32. Qf4 Qe5 33. Qd2 g5
34. h4 Ne6 35. Re1 Qf4 36. Qa5 Qc7 37. Qf5 Ng7 38. Qb5 Qd7 39. Qc4 gxh4 40. Rb1
Qe6 41. Qd3 Re7 42. Kg2 Qf7 43. Rb5 Qg6 44. Qc4+ Kh8 45. Bd2 f5 46. g5 h6 47.
Qb4 Red7 48. Bf4 hxg5 49. Be5 g4 50. Bd1 Qc6+ 51. Kh2 h3 52. f3 Qc3 53. Qb1
Qd2+ 54. Kg3 Qe1+ 55. Kf4 Qe3+ 56. Kg3 d3 57. Qb3 h2 58. Kxh2 Qf2+ 59. Kh1 g3
0-1

[Event "I Festival A"]
[Site "Roseto degli Abruzzi ITA"]
[Date "2010.06.09"]
[Round "6"]
[White "Samolins, Vitalijs"]
[Black "Cocchi, Andrea"]
[WhiteElo "2426"]
[BlackElo "2244"]
[Result "1/2-1/2"]
[PlyCount "96"]
[EventDate "2010.06.04"]

1. e4 c6 2. d3 d5 3. Nd2 e5 4. Ngf3 Bd6 5. d4 exd4 6. exd5 cxd5 7. Nxd4 Nc6 8.
N2b3 Nge7 9. Be2 O-O 10. O-O a6 11. Be3 Qc7 12. h3 Ne5 13. Bf4 Nf3+ 14. Bxf3
Bxf4 15. Re1 Bh2+ 16. Kh1 Bd6 17. Qd2 Bd7 18. Qg5 h6 19. Qh5 Bc6 20. c3 Rad8
21. Nf5 Nxf5 22. Qxf5 Rfe8 23. Rad1 Rxe1+ 24. Rxe1 Qb6 25. Re2 Qb5 26. Nd4 Qa4
27. g3 Qxa2 28. Bh5 Rf8 29. Kh2 Qa5 30. Nxc6 bxc6 31. Qd7 Qc7 32. Re7 Qxd7 33.
Rxd7 Be5 34. Re7 Bf6 35. Rc7 d4 36. Rxc6 dxc3 37. bxc3 a5 38. c4 Ra8 39. Rc7 g6
40. Bf3 Re8 41. Kg2 Re7 42. Rc8+ Kg7 43. Ra8 Rc7 44. Bd5 Bd4 45. Rxa5 Ra7 46.
Rb5 Ra2 47. Kf3 f5 48. Rb7+ Kh8 1/2-1/2

[Event "I Festival A"]
[Site "Roseto degli Abruzzi ITA"]
[Date "2010.06.09"]
[Round "6"]
[White "Sveshnikov, Vladimir"]
[Black "Sveshnikov, Evgeny E."]
[WhiteElo "2382"]
[BlackElo "2493"]
[Result "1/2-1/2"]
[PlyCount "37"]
[EventDate "2010.06.04"]

1. e4 c5 2. c3 d5 3. exd5 Qxd5 4. d4 cxd4 5. cxd4 Nc6 6. Nf3 e5 7. Nc3 Bb4 8.
Bd2 Bxc3 9. Bxc3 e4 10. Ne5 Nxe5 11. dxe5 Ne7 12. Qe2 O-O 13. Rd1 Qxa2 14. Qxe4
Bf5 15. Qxb7 Rad8 16. Qxe7 Rxd1+ 17. Kxd1 Qb1+ 18. Kd2 Qc2+ 19. Ke3 1/2-1/2

[Event "I Festival A"]
[Site "Roseto degli Abruzzi ITA"]
[Date "2010.06.10"]
[Round "7"]
[White "Ansell, Simon T."]
[Black "Samolins, Vitalijs"]
[WhiteElo "2384"]
[BlackElo "2426"]
[Result "1/2-1/2"]
[PlyCount "105"]
[EventDate "2010.06.04"]

1. d4 f5 2. g3 Nf6 3. Bg2 g6 4. Nf3 Bg7 5. b4 O-O 6. O-O c6 7. c4 Ne4 8. Qb3 d5
9. Nc3 Be6 10. cxd5 Bxd5 11. Nxd5 Qxd5 12. Qc2 a5 13. bxa5 Rxa5 14. a4 Nd7 15.
Rb1 Rfa8 16. Nd2 Rxa4 17. Nxe4 fxe4 18. e3 Ra2 19. Qxe4 Qxe4 20. Bxe4 R2a7 21.
f4 Nf6 22. Bf3 Nd5 23. Rb3 Rd8 24. Rd1 Kf8 25. g4 Rd7 26. Kf2 e6 27. Kg3 Kf7
28. h4 Nc7 29. h5 Nb5 30. hxg6+ hxg6 31. Bb2 Rd8 32. Rh1 Rh8 33. Rxh8 Bxh8 34.
Be2 Nd6 35. Bd3 Bf6 36. Ba3 Nc8 37. Bb2 Be7 38. Kf3 Nd6 39. e4 Ne8 40. Bc1 Ra1
41. Bb2 Ra7 42. Ke3 Nd6 43. Be2 Ne8 44. Bf3 Nd6 45. Kd3 Ra4 46. Bc1 Nb5 47. Be3
Nxd4 48. Bxd4 c5 49. Bxc5 Bxc5 50. Rxb7+ Kf8 51. Rb5 Ra3+ 52. Ke2 Ra2+ 53. Kd3
1/2-1/2

[Event "I Festival A"]
[Site "Roseto degli Abruzzi ITA"]
[Date "2010.06.10"]
[Round "7"]
[White "Bellincampi, Stefano"]
[Black "Palermo, Stefano"]
[WhiteElo "2046"]
[BlackElo "2097"]
[Result "1/2-1/2"]
[PlyCount "74"]
[EventDate "2010.06.04"]

1. e4 g6 2. d4 Bg7 3. Nf3 c6 4. h3 d5 5. Nbd2 dxe4 6. Nxe4 Nd7 7. Bc4 Ngf6 8.
Nxf6+ Nxf6 9. O-O O-O 10. Re1 Nd5 11. c3 Qd6 12. Qe2 Re8 13. Ne5 b5 14. Bb3 a5
15. a4 Be6 16. Bc2 b4 17. Bd2 bxc3 18. bxc3 c5 19. Bd3 cxd4 20. cxd4 Nb4 21.
Be4 Rac8 22. Be3 Bxe5 23. dxe5 Qxe5 24. Bb6 Rc4 25. Qf3 Rc3 26. Qd1 Bb3 27. Qd7
Rb8 28. Bd4 Qc7 29. Be5 Rc8 30. Bxc7 R8xc7 31. Rec1 Rxc1+ 32. Rxc1 Bxa4 33. Ra1
Bc6 34. Bxc6 Nxc6 35. Rc1 Nb4 36. Rc5 e6 37. Rxa5 Nd5 1/2-1/2

[Event "I Festival A"]
[Site "Roseto degli Abruzzi ITA"]
[Date "2010.06.10"]
[Round "7"]
[White "Bove, Alessandro"]
[Black "Napoli, Nicolo'"]
[WhiteElo "2346"]
[BlackElo "2334"]
[Result "1-0"]
[PlyCount "77"]
[EventDate "2010.06.04"]

1. e4 e6 2. d4 c5 3. Nf3 a6 4. d5 exd5 5. exd5 d6 6. Bd3 Nf6 7. O-O Be7 8. c4
O-O 9. h3 Nbd7 10. Qc2 b5 11. b3 g6 12. Nc3 Re8 13. cxb5 Nb6 14. Bb2 Nh5 15.
Qd2 Bf8 16. Rfe1 Rxe1+ 17. Rxe1 f5 18. a4 Bg7 19. bxa6 c4 20. Bxc4 Nxc4 21.
bxc4 Bxa6 22. Nb5 Bxb5 23. Bxg7 Rxa4 24. Bb2 Bxc4 25. Qc3 Kf7 26. Qe3 Bxd5 27.
Ng5+ Kf8 28. Nxh7+ Kg8 29. Qh6 Bf7 30. Ng5 Nf6 31. Bxf6 Qxf6 32. Qh7+ Kf8 33.
Nxf7 Ra1 34. Rxa1 Qxa1+ 35. Kh2 Qa4 36. Qxg6 Qf4+ 37. Qg3 Qxg3+ 38. Kxg3 Kxf7
39. Kf4 1-0

[Event "I Festival A"]
[Site "Roseto degli Abruzzi ITA"]
[Date "2010.06.10"]
[Round "7"]
[White "Braschi, Giancarlo"]
[Black "Rotstein, Arkadij"]
[WhiteElo "2062"]
[BlackElo "2538"]
[Result "0-1"]
[PlyCount "45"]
[EventDate "2010.06.04"]

1. d4 Nf6 2. Nf3 e6 3. e3 b6 4. Bd3 Bb7 5. O-O Be7 6. c4 O-O 7. Nc3 d5 8. b3
Nbd7 9. Bb2 Ne4 10. Qe2 a6 11. Rac1 Bd6 12. Rfd1 f5 13. Nb1 f4 14. Ba3 c5 15.
cxd5 exd5 16. Bxe4 dxe4 17. Qc4+ Kh8 18. dxc5 exf3 19. Rxd6 fxe3 20. c6 Qg5 21.
g3 Ne5 22. Qd4 Bxc6 23. Qxe3 0-1

[Event "I Festival A"]
[Site "Roseto degli Abruzzi ITA"]
[Date "2010.06.10"]
[Round "7"]
[White "Cocchi, Andrea"]
[Black "Sveshnikov, Vladimir"]
[WhiteElo "2244"]
[BlackElo "2382"]
[Result "0-1"]
[PlyCount "120"]
[EventDate "2010.06.04"]

1. Nf3 d5 2. d4 Nf6 3. c4 c6 4. e3 Bg4 5. Qb3 Qb6 6. Ne5 Bf5 7. Qxb6 axb6 8.
cxd5 Nxd5 9. Bd3 Bxd3 10. Nxd3 Na6 11. Bd2 e6 12. Ke2 Be7 13. Nc3 O-O 14. Rhc1
Rfd8 15. a3 Nac7 16. Ne4 Ra4 17. Rc2 h5 18. Rac1 Nb5 19. Nc3 Nbxc3+ 20. Bxc3 f6
21. Bd2 Kf7 22. Rc4 Raa8 23. h3 g5 24. Rh1 h4 25. Rd1 Ra6 26. Rc2 Ra4 27. Rdc1
Raa8 28. Rf1 Kg6 29. Rcc1 Bd6 30. Rc4 f5 31. Rcc1 Ra4 32. Rc2 Kf6 33. Bc3 Rc4
34. Rfc1 Nxc3+ 35. Rxc3 Rxc3 36. Rxc3 Bc7 37. b4 Bd6 38. a4 Ra8 39. Ra3 e5 40.
dxe5+ Bxe5 41. Kd2 Bd6 42. Kc3 Ke6 43. Ra2 b5 44. a5 b6 45. Kd4 Kd7 46. a6 Kc7
47. e4 fxe4 48. Kxe4 c5 49. bxc5 bxc5 50. Kd5 Bf8 51. a7 Kb6 52. Ne5 Rxa7 53.
Rb2 b4 54. Nf3 Kb5 55. Nxg5 Rd7+ 56. Ke4 Bg7 57. Rb1 c4 58. Nf3 b3 59. g4 hxg3
60. fxg3 Kb4 0-1

[Event "I Festival A"]
[Site "Roseto degli Abruzzi ITA"]
[Date "2010.06.10"]
[Round "7"]
[White "Epishin, Vladimir V."]
[Black "Marholev, Dimitar"]
[WhiteElo "2611"]
[BlackElo "2433"]
[Result "1-0"]
[PlyCount "121"]
[EventDate "2010.06.04"]

1. d4 Nf6 2. Nf3 g6 3. c4 Bg7 4. Nc3 O-O 5. e4 d6 6. Be2 a5 7. O-O Na6 8. Re1
e5 9. Bg5 h6 10. Bh4 Qe8 11. Qd2 exd4 12. Bxf6 dxc3 13. Bxc3 Nc5 14. Bxg7 Kxg7
15. Bd1 Qd8 16. Qd4+ Kh7 17. Qc3 b6 18. Bc2 Bg4 19. Nd2 Qg5 20. Nf1 Rae8 21. b3
h5 22. Re3 h4 23. g3 Qe5 24. gxh4 Rh8 25. Qxe5 Rxe5 26. Rg3 Bd7 27. Nd2 Kg7 28.
a3 Bc6 29. Re1 Rhe8 30. Rge3 Rh5 31. Nf3 Bd7 32. e5 Bg4 33. exd6 Rxe3 34. Rxe3
cxd6 35. Nd4 Bd7 36. Nf3 Bg4 37. b4 axb4 38. axb4 Na6 39. b5 Nc5 40. Bd1 Bxf3
41. Bxf3 Rxh4 42. Bd5 f5 43. Ra3 Rd4 44. Kf1 Nd3 45. Ke2 Nb4 46. Ra7+ Kh6 47.
Bg8 d5 48. h4 Kh5 49. c5 bxc5 50. b6 Kxh4 51. b7 Nc6 52. Ra6 Re4+ 53. Kf1 Nb8
54. Ra8 Re8 55. Bxd5 g5 56. Ra5 f4 57. Rxc5 Re5 58. Rc8 Rxd5 59. Rxb8 f3 60.
Rh8+ Kg4 61. Kg1 1-0

[Event "I Festival A"]
[Site "Roseto degli Abruzzi ITA"]
[Date "2010.06.10"]
[Round "7"]
[White "Luigini, Ottavio"]
[Black "Lauria, Amilcare"]
[WhiteElo "2067"]
[BlackElo "2116"]
[Result "0-1"]
[PlyCount "65"]
[EventDate "2010.06.04"]

1. c4 Nf6 2. Nc3 d6 3. g3 e5 4. Bg2 g6 5. d3 Bg7 6. e4 Nc6 7. Nge2 Bg4 8. f3
Be6 9. O-O O-O 10. Be3 Qd7 11. Nd5 Bxd5 12. cxd5 Ne7 13. d4 exd4 14. Bxd4 c6
15. dxc6 bxc6 16. f4 Rab8 17. Qd2 Rfd8 18. b3 c5 19. Bb2 d5 20. e5 Ne8 21. Rac1
Rbc8 22. Nc3 Nc7 23. Rfd1 g5 24. Ne4 Ne6 25. Nd6 gxf4 26. Nxc8 Qxc8 27. gxf4
Bh6 28. Rf1 Ng6 29. Kh1 Bxf4 30. Rxf4 Nexf4 31. Rf1 Qg4 32. Bf3 Qh3 33. Rg1 0-1

[Event "I Festival A"]
[Site "Roseto degli Abruzzi ITA"]
[Date "2010.06.10"]
[Round "7"]
[White "Neubauer, Kai"]
[Black "Sautto, Alessandra"]
[WhiteElo "2028"]
[BlackElo "1934"]
[Result "0-1"]
[PlyCount "90"]
[EventDate "2010.06.04"]

1. d4 d5 2. c4 c6 3. cxd5 cxd5 4. Nc3 Nf6 5. Bf4 Nc6 6. e3 e6 7. Nf3 Bd6 8. Bg3
Bxg3 9. hxg3 Qb6 10. a3 Ne4 11. Qc2 f5 12. Nxe4 fxe4 13. Ng5 Qa5+ 14. Kd1 h6
15. Rc1 O-O 16. Nh3 e5 17. dxe5 Bg4+ 18. Be2 Bxe2+ 19. Kxe2 Qb5+ 20. Kd1 Nxe5
21. Nf4 Rac8 22. Qxc8 Rxc8 23. Rxc8+ Kh7 24. Rc2 Qb3 25. Kc1 Qa2 26. Kd2 Nc4+
27. Ke2 Nxa3 28. Rd2 Nc4 29. Rc2 Qb3 30. Rhc1 Nxb2 31. Rc3 Qb5+ 32. Ke1 Nd3+
33. Nxd3 exd3 34. Rd1 Qb4 35. Kd2 d4 36. exd4 Qxd4 37. Rf1 b5 38. Rxd3 Qb2+ 39.
Ke3 b4 40. f4 Qxg2 41. Rf3 a5 42. Kd4 a4 43. f5 a3 44. f6 gxf6 45. Rxf6 Qb2+
0-1

[Event "I Festival A"]
[Site "Roseto degli Abruzzi ITA"]
[Date "2010.06.10"]
[Round "7"]
[White "Porat, Maya"]
[Black "Dinter, Brian"]
[WhiteElo "2182"]
[BlackElo "2116"]
[Result "0-1"]
[PlyCount "98"]
[EventDate "2010.06.04"]

1. d4 d5 2. c4 c6 3. Nf3 Nf6 4. Nc3 dxc4 5. a4 Bf5 6. e3 e6 7. Bxc4 Bb4 8. O-O
O-O 9. Qe2 Nbd7 10. e4 Bg6 11. e5 Nd5 12. Ne4 Be7 13. a5 b5 14. Bb3 a6 15. Rd1
Rc8 16. Ng3 h6 17. Be3 Bb4 18. Bd2 Qe7 19. Rac1 Rfd8 20. Ne4 Bxe4 21. Qxe4 Bxd2
22. Rxd2 Qb4 23. Bc2 Nf8 24. Bb1 Qxa5 25. Rdc2 Qb6 26. Rc5 Ne7 27. g4 Rd5 28.
g5 h5 29. Qh4 g6 30. Be4 Rxc5 31. dxc5 Qc7 32. Qf4 Nd7 33. b4 a5 34. bxa5 Qxa5
35. Qe3 Qb4 36. h3 Ra8 37. Qd4 Qxd4 38. Nxd4 Nxe5 39. f4 Ra4 40. Rd1 Nd7 41.
Nxc6 Nxc6 42. Bxc6 Nxc5 43. Bxb5 Rxf4 44. Bc6 Nb3 45. Kg2 h4 46. Rf1 Rxf1 47.
Kxf1 Nd4 48. Be4 e5 49. Kf2 Ne6 0-1

[Event "I Festival A"]
[Site "Roseto degli Abruzzi ITA"]
[Date "2010.06.10"]
[Round "7"]
[White "Procacci, Sergio"]
[Black "Seyfried, Claus"]
[WhiteElo "2060"]
[BlackElo "2087"]
[Result "0-1"]
[PlyCount "104"]
[EventDate "2010.06.04"]

1. f4 e5 2. fxe5 d6 3. exd6 Bxd6 4. Nf3 Nf6 5. d3 Ng4 6. g3 h5 7. Bf4 h4 8. Qd2
hxg3 9. h4 Qf6 10. Bxd6 Qxb2 11. Ba3 Qxa1 12. Qb4 Nc6 13. Qb2 Qxb2 14. Bxb2 Be6
15. Rg1 O-O-O 16. Rxg3 Ne3 17. Rxg7 Rdg8 18. Nbd2 Rxg7 19. Bxg7 Rh7 20. Bf6
Bxa2 21. c4 Nxf1 22. Kxf1 a6 23. Ne4 b5 24. cxb5 axb5 25. Nc3 Be6 26. Nxb5 Rh5
27. Nbd4 Nxd4 28. Nxd4 Bg4 29. e4 Kd7 30. e5 c5 31. Nb3 Kc6 32. Nd2 Kd5 33. Kg2
Be2 34. Kf2 Bxd3 35. Ke3 Bg6 36. Nf3 c4 37. Bg5 Rh8 38. Bf6 Rc8 39. Nd4 c3 40.
Ne2 c2 41. Nf4+ Kc4 42. Kd2 Kb3 43. Ne2 Ka2 44. Bg5 Kb1 45. Nc1 Rc5 46. Bf4 Rc4
47. Bg5 Rd4+ 48. Kc3 Rg4 49. Nb3 Rg3+ 50. Kb4 Bf5 51. Nd2+ Ka2 52. Nc4 Rxg5 0-1

[Event "I Festival A"]
[Site "Roseto degli Abruzzi ITA"]
[Date "2010.06.10"]
[Round "7"]
[White "Romanishin, Oleg M."]
[Black "Vuelban, Virgilio"]
[WhiteElo "2519"]
[BlackElo "2369"]
[Result "1/2-1/2"]
[PlyCount "53"]
[EventDate "2010.06.04"]

1. Nf3 Nf6 2. g3 e6 3. Bg2 d5 4. O-O Be7 5. c4 O-O 6. d4 dxc4 7. Qc2 a6 8. a4
Bd7 9. Qxc4 Bc6 10. Bg5 Bd5 11. Qd3 c5 12. Nc3 Bc6 13. Rfd1 cxd4 14. Nxd4 Bxg2
15. Kxg2 Nbd7 16. Qf3 Rb8 17. a5 h6 18. Bxf6 Bxf6 19. Ne4 Qe7 20. Qa3 Rfd8 21.
Nf3 Qxa3 22. Rxa3 Be7 23. Rad3 Nf6 24. Nd6 Bxd6 25. Rxd6 Rxd6 26. Rxd6 Rc8 27.
Rb6 1/2-1/2

[Event "I Festival A"]
[Site "Roseto degli Abruzzi ITA"]
[Date "2010.06.10"]
[Round "7"]
[White "Salvador, Roland"]
[Black "Naumkin, Igor"]
[WhiteElo "2485"]
[BlackElo "2480"]
[Result "1-0"]
[PlyCount "77"]
[EventDate "2010.06.04"]

1. d4 e6 2. Nf3 f5 3. g3 Nf6 4. Bg2 Be7 5. O-O O-O 6. c4 d6 7. Qc2 Nc6 8. Nc3
e5 9. dxe5 dxe5 10. Rd1 Qe8 11. Nd5 Bd8 12. Bg5 e4 13. Bxf6 Bxf6 14. Nxc7 Qf7
15. Nxa8 exf3 16. Bxf3 Be6 17. Rd6 Nd4 18. Qd2 Nxf3+ 19. exf3 Rxa8 20. Re1 Bxc4
21. Rd7 Qh5 22. Qb4 b5 23. b3 a5 24. Qc5 Bf7 25. Kg2 a4 26. Qxb5 axb3 27. Qb7
Rf8 28. axb3 f4 29. g4 Qc5 30. Re4 Bh4 31. Red4 h6 32. Rd2 Qe5 33. Rc7 Qe1 34.
Rdc2 Qd1 35. b4 Bf6 36. R2c5 Qb1 37. Rxf7 Rxf7 38. Rc8+ Rf8 39. Qd5+ 1-0

[Event "I Festival A"]
[Site "Roseto degli Abruzzi ITA"]
[Date "2010.06.10"]
[Round "7"]
[White "Yurenok, Maria S."]
[Black "Pienabarca, Nicola"]
[WhiteElo "1984"]
[BlackElo "2097"]
[Result "1-0"]
[PlyCount "98"]
[EventDate "2010.06.04"]

1. d4 d5 2. c4 e5 3. dxe5 d4 4. Nf3 Nc6 5. a3 Nge7 6. e3 dxe3 7. Qxd8+ Kxd8 8.
Bxe3 Ng6 9. Nc3 Be6 10. Ng5 Ngxe5 11. Nxe6+ fxe6 12. Rd1+ Kc8 13. b4 Ng4 14.
Bc1 Bd6 15. h3 Be5 16. Ne4 Nf6 17. Bd3 h6 18. O-O Nxe4 19. Bxe4 Nd4 20. Rfe1
Bf6 21. Bg6 b6 22. Re4 c5 23. Bf7 Rd8 24. Rf1 Kd7 25. Rfe1 e5 26. f4 exf4 27.
Bxf4 Rf8 28. Bd5 Rae8 29. b5 Rxe4 30. Rxe4 Bd8 31. Be5 Bf6 32. Bg3 Bd8 33. a4
Rf5 34. Be5 Bf6 35. Bb8 Bd8 36. Be5 Bf6 37. Bg3 g5 38. Bb8 Bd8 39. Be5 Bf6 40.
Bb8 Bd8 41. Bxa7 Rf6 42. a5 Bc7 43. axb6 Bxb6 44. Bc6+ Rxc6 45. bxc6+ Kxc6 46.
Re5 Kd6 47. Kf2 Kc6 48. Rd5 Ne6 49. g3 Ng7 1-0